Cierto azul /

Seis historias cortas de un exitoso autor de San José (1963). Las historias exploran el mundo de un joven de la calle San José, aprobada por un sexteto de jazz compuesto por los gatos, incluyendo un personaje llamado así por el notable personaje de Red Skelton "Freddie Freeloader el."

Shranjeno v:
Bibliografske podrobnosti
Glavni avtor: Contreras Castro, Fernando, 1963-
Format: Knjiga
Jezik:Spanish
Izdano: San José : Editorial Legado, 2009.
Izdaja:1. edición
Teme:
Oznake: Označite
Brez oznak, prvi označite!

MARC

LEADER 00000cam a22000004a 4500
001 16191074
005 20170512090101.0
008 100401s2009 cr 000 f spa
020 |a 9789968519069 
040 |a DLC  |c cru CIICLA Universidad de Costa Rica 
082 |a CR863.44  |b C764c 
100 1 |a Contreras Castro, Fernando,  |d 1963- 
245 1 0 |a Cierto azul /  |c Fernando Contreras Castro 
250 |a 1. edición 
260 |a San José :  |b Editorial Legado,  |c 2009. 
300 |a 73 páginas 
520 |a Seis historias cortas de un exitoso autor de San José (1963). Las historias exploran el mundo de un joven de la calle San José, aprobada por un sexteto de jazz compuesto por los gatos, incluyendo un personaje llamado así por el notable personaje de Red Skelton "Freddie Freeloader el." 
650 7 |9 76  |a LITERATURA COSTARRICENSE  |v NOVELA 
942 |2 ddc  |c BK 
999 |c 3383  |d 3383